| 000 | 00498nam a22001457a 4500 | ||
|---|---|---|---|
| 003 | NUST | ||
| 082 |
_a621 _b AMIR, MUHAMMAD |
||
| 245 |
_aAerodynamic Parameter Estimation from Flight Test Data / _cMUHAMMAD AMIR |
||
| 264 |
_aIslamabad: _bSMME- NUST. _c2020. |
||
| 300 |
_a95p. ; _bSoft Copy , _c30cm. |
||
| 650 |
_aMS Mechanical Engineering _9119495 |
||
| 700 |
_aSupervisor : DR MIAN ASHFAQ ALI _9119639 |
||
| 856 | _uhttp://10.250.8.41:8080/xmlui/handle/123456789/13146 | ||
| 942 |
_2ddc _cTHE |
||
| 999 |
_c608694 _d608694 |
||